| 000 | 00616cam a2200253 4500 | ||
|---|---|---|---|
| 008 | 090401t1987 xxu||||| |||| 00| 0 eng d | ||
| 020 | _a0003833259 | ||
| 035 | _a(Sirsi) u43372 | ||
| 041 | _aeng | ||
| 050 | _a690.065 | ||
| 100 | _aParris, John | ||
| 245 | _aCompanies for construction professionals | ||
| 260 |
_aLondon _bCollins Professional Books _c1987 |
||
| 300 | _av,170p. ; 24cm. | ||
| 350 | _a19.95 | ||
| 650 | _aARCHITECTS | ||
| 650 | _aENGINEERS | ||
| 650 | _aINCORPORATION | ||
| 650 | _aLIABILITY | ||
| 650 | _aPARTNERSHIPS | ||
| 650 | _aSURVEYORS | ||
| 942 | _n0 | ||
| 948 | _c04/03/1997 | ||
| 999 |
_c91306 _d91306 |
||